000 00550cam a22002052 4500
001 0000003468
005 20151217155822.0
008 070507s xx 000 0 eng d
020 _cKES 425
040 _aKABU
_cKABU
050 0 _aKSK442
_b.H873
100 1 _aHussain, Ashiq.
_@0000149947
245 1 0 _aAid to passing A.I.B. Stage 1 law 1.
260 _aNairobi :
_bHeinemann,
_c1985.
300 _a176 p.
650 0 _aLaw
_zKenya.
_@0000153410
908 _a070507
950 _@1
999 _c12849
_d12849